00359nam a2200133 a 4500008004100000050001300041100002100054245004000075260005100115300001200166350000900178500001400187650002400201101028s1985 ||||||||||||||||| || | aZLA(05)J aMbewe, Godfrey L14aThe library and the Zambian society aLusakabZambia Library Association (ZLA)c1985 a39-48pp a0.00 aVolume 16 aLIBRARIES -- ZAMBIA